Welcome to the Holygrace Academy Library

Please use search bar below to get started

ABHINJANA SAKUNTHALAM (Record no. 4991)

MARC details
000 -LEADER
fixed length control field 00290nam a22001337a 4500
082 ## - DEWEY DECIMAL CLASSIFICATION NUMBER
Classification number 894.812.3
Item number KAL/A
100 ## - MAIN ENTRY--AUTHOR NAME
Personal name KALIDASAN
245 ## - TITLE STATEMENT
Title ABHINJANA SAKUNTHALAM
260 ## - PUBLICATION, DISTRIBUTION, ETC. (IMPRINT)
Place of publication KOZHIKODE
Name of publisher MARAR SAHITHYA PRAKASAM
Year of publication 2003
300 ## - PHYSICAL DESCRIPTION
Number of Pages 240
520 ## - SUMMARY, ETC.
Summary, etc NOVEL
650 ## - SUBJECT ADDED ENTRY--TOPICAL TERM
Topical Term NOVEL
942 ## - ADDED ENTRY ELEMENTS (KOHA)
Koha item type Books
Holdings
Withdrawn status Lost status Collection code Home library Current library Shelving location Date acquired Source of acquisition Cost, normal purchase price Full call number Accession Number Koha item type
    Fiction Main Library Main Library SHELF-16- J- MALAYALAM NOVELS,FICTIONS 05/10/2012 Purchase 120.00 894.812.3 KAL/A 05292 Books